| 000 | 00000nam##2200000za#4500 |
| 001 | 9.602202 |
| 003 | CaOODSP |
| 005 | 20210624210443 |
| 007 | cr ||||||||||| |
| 008 | 150406|2001||||xxc|||||o f|0| 0 fre|d |
| 040 | |aCaOODSP|bfre |
| 043 | |an-cn--- |
| 086 | 1 |aNH18-23/95F-PDF |
| 110 | 2 |aSociété canadienne d'hypothèques et de logement. |
| 245 | 10|aMandats pour l'abordabilité des logements : |h[ressource électronique]|bmesures réglementaires prises par des états, des provinces et des régions métropolitaines à l'appui de l'abordabilité des logements |
| 260 | |aOttawa - Ontario : |bSociété canadienne d'hypothèques et de logement |cNovembre 2001. |
| 300 | |a6p. |
| 490 | 1 |aLe point en recherche. Série socio-économique|v95 |
| 590 | |a11-23-Supp|b2011-10-17 |
| 691 | 07|aLogement subventionné|2gcpds |
| 691 | 07|aProgramme d'aide|2gcpds |
| 775 | 08|tAffordable housing mandates : |w(CaOODSP)9.571777 |
| 776 | 0#|tMandats pour l'abordabilité des logements : |w(CaOODSP)9.625893 |
| 830 | #0|aLe point en recherche. Série socio-économique ;|v95|w(CaOODSP)9.501568 |
| 856 | 40|ahttp://publications.gc.ca|qPDF|s110 Ko|uhttps://publications.gc.ca/collections/Collection/NH18-23-95F.pdf|y95 |